000 00188 a2200097 4500
001 13650
100 _aBooth M
245 _aBismark
260 _aLondon
_bHarrap
_c
090 _c10644
_d10644
942 _aNUST-CAE
_cM
_c719
999 _c248723
_d248723